MARC details
| 000 -LEADER |
| fixed length control field |
01372nam a22003855a 4500 |
| 006 - FIXED-LENGTH DATA ELEMENTS--ADDITIONAL MATERIAL CHARACTERISTICS--GENERAL INFORMATION |
| fixed length control field |
a||||fr|||| 00| 0 |
| 008 - FIXED-LENGTH DATA ELEMENTS--GENERAL INFORMATION |
| fixed length control field |
090106t 2006xxuab frb||| 001 0 eng d |
| 010 ## - LIBRARY OF CONGRESS CONTROL NUMBER |
| LC control number |
2004058169 |
| 020 ## - INTERNATIONAL STANDARD BOOK NUMBER |
| International Standard Book Number |
0071115951 |
| 020 ## - INTERNATIONAL STANDARD BOOK NUMBER |
| International Standard Book Number |
9780071118071 |
| 020 ## - INTERNATIONAL STANDARD BOOK NUMBER |
| International Standard Book Number |
0071118071 |
| 040 ## - CATALOGING SOURCE |
| Original cataloging agency |
EG-SbBUE |
| Language of cataloging |
eng |
| Transcribing agency |
EG-SbBUE |
| 082 04 - DEWEY DECIMAL CLASSIFICATION NUMBER |
| Classification number |
658.049 |
| Item number |
HIL |
| Edition number |
22 |
| 100 1# - MAIN ENTRY--PERSONAL NAME |
| Personal name |
Hill, Charles W. L. |
| 9 (RLIN) |
4435 |
| 245 10 - TITLE STATEMENT |
| Title |
Global business today / |
| Statement of responsibility, etc |
Charles W.L. Hill. |
| 250 ## - EDITION STATEMENT |
| Edition statement |
4th ed. |
| 260 ## - PUBLICATION, DISTRIBUTION, ETC. (IMPRINT) |
| Place of publication, distribution, etc |
Boston : |
| Name of publisher, distributor, etc |
McGraw-Hill/Irwin, |
| Date of publication, distribution, etc |
c.2006. |
| 260 ## - PUBLICATION, DISTRIBUTION, ETC. (IMPRINT) |
| Name of publisher, distributor, etc |
Distributer: Al-Ahram |
| 300 ## - PHYSICAL DESCRIPTION |
| Extent |
xvii, 611 p. : |
| Other physical details |
col. ill., col. maps ; |
| Dimensions |
26 cm. + |
| Accompanying material |
CD-ROM (4 3/4 in.) |
| 500 ## - GENERAL NOTE |
| General note |
Indexes : p. 603-611. |
| 500 ## - GENERAL NOTE |
| General note |
Glossary : p. 559-568. |
| 504 ## - BIBLIOGRAPHY, ETC. NOTE |
| Bibliography, etc |
Includes bibliographical references |
| 538 ## - SYSTEM DETAILS NOTE |
| System details note |
System requirements for accompanying CD-ROM: PC Pentium based processor; Microsoft Windows 98/2000. |
| 590 ## - LOCAL NOTE (RLIN) |
| Local note |
Menna Elemam |
| 650 #0 - SUBJECT ADDED ENTRY--TOPICAL TERM |
| Topical term or geographic name as entry element |
International business enterprises |
| General subdivision |
Management. |
| 9 (RLIN) |
4436 |
| Source of heading or term |
BUEsh |
| 650 #0 - SUBJECT ADDED ENTRY--TOPICAL TERM |
| Topical term or geographic name as entry element |
International trade. |
| 9 (RLIN) |
4437 |
| Source of heading or term |
BUEsh |
| 650 #0 - SUBJECT ADDED ENTRY--TOPICAL TERM |
| Topical term or geographic name as entry element |
Investments, Foreign. |
| 9 (RLIN) |
4438 |
| Source of heading or term |
BUEsh |
| 650 #0 - SUBJECT ADDED ENTRY--TOPICAL TERM |
| Topical term or geographic name as entry element |
Capital market. |
| 9 (RLIN) |
4439 |
| Source of heading or term |
BUEsh |
| 650 #0 - SUBJECT ADDED ENTRY--TOPICAL TERM |
| Topical term or geographic name as entry element |
Financial crises |
| Source of heading or term |
BUEsh |
| 650 #0 - SUBJECT ADDED ENTRY--TOPICAL TERM |
| Topical term or geographic name as entry element |
International finance |
| Source of heading or term |
BUEsh |
| 650 #0 - SUBJECT ADDED ENTRY--TOPICAL TERM |
| Topical term or geographic name as entry element |
International business enterprises |
| Source of heading or term |
BUEsh |
| 651 ## - SUBJECT ADDED ENTRY--GEOGRAPHIC NAME |
| Source of heading or term |
BUEsh |
| 653 ## - INDEX TERM--UNCONTROLLED |
| Resource For college |
BAEPS, Business Administration |
| Arrived date list |
August2015 |
| 942 ## - ADDED ENTRY ELEMENTS (KOHA) |
| Item type |
Book - Borrowing |
| Call number prefix |
658.049 HIL |
| Source of classification or shelving scheme |
Dewey Decimal Classification |